000 00286nam a22001337a 4500
008 170412b xxu||||| |||| 00| 0 eng d
020 _a225247
041 _aeng
080 _a612.39
100 _a10
101 _aSHM
245 _aNUTRITION FOR LIFE
_cTHOMPSON,, J
942 _2udc
_cBK
999 _c10495
_d10495